Städte in Serbien - Sudden Death - Statistiken

Allgemein
  • Dieses Quiz wurde 97 mal gespielt
  • Das Durchschnittsergebnis liegt bei 6 aus 15
Answers on the Grid
Answers color-coded by a green-red scale on the quiz's grid according to % correct below.
Belgrad
Novi Sad
Niš
Subotica
Sombor
Kragujevac
Zrenjanin
Kruševac
Leskovac
Čačak
Novi Pazar
Vranje
Valjevo
Sabač
Smederewo
Samobor
Prizren
Rasgrad
Ptuj
Lugoj
Pápa
Vukovar
Gradiška
Mitrovica
Jambol
Krementschuk
Kumanovo
Schachty
Slobozia
Nové Zámky
 
Antwortstatistiken
Antwort % Korrekt
Belgrad
78%
Novi Sad
70%
Niš
62%
Novi Pazar
44%
Subotica
44%
Kruševac
36%
Čačak
34%
Kragujevac
34%
Sabač
30%
Valjevo
28%
Vranje
28%
Zrenjanin
28%
Leskovac
26%
Sombor
24%
Smederewo
22%
Keine übereinstimmenden Quizze gefunden
Verteilung der Resultate
Anzahl Personen mit jedem Resultat
Perzentil nach korrekt beantworteten Fragen
Ihre Resultats-Entwicklung
Sie haben dieses Quiz noch nicht gespielt